[Event "Bayern KO"]
[Site "SchemingMind.com"]
[Date "2017.11.03"]
[Round "-"]
[White "Robert Bruce"]
[Black "frankly"]
[Result "0-1"]
[WhiteCountry "SCO"]
[BlackCountry "ENG"]
[WhiteElo "2328"]
[WhiteRD "70"]
[BlackElo "2655"]
[BlackRD "61"]
[GameID "420239"]

1. f4 d5 2. Nf3 g6 3. e3 Bg7 4. Bd3 Nd7 5. c4 Nc5 6. Be2 dxc4 7. Bxc4 Nd3+ 8. Bxd3 Qxd3 9. Nc3 Nh6 10. Ne5 Bxe5
11. fxe5 Ng4 12. Qa4+ c6 13. Qf4 f6 14. exf6 Nxf6 15. b3 Bf5 16. Qf2 O-O 17. Qe2 Qd6 18. e4 Bg4 19. Qe3 Nh5 20. e5 Qd7
21. d4 Rad8 22. h3 Be6 23. Rf1 Rxf1+ 24. Kxf1 Ng7 25. Ne2 Nf5 26. Qf2 Nxd4 27. Nxd4 Qxd4 28. Qxd4 Rxd4 29. Be3 Rd5 30. Bxa7 Rd2
31. Be3 Rc2 32. Bf2 Kf7 33. Kg1 Bd5 34. b4 Bxa2 35. Bc5 Ke6 36. g4 Rb2 37. Kf1 Bc4+ 38. Kg1 b6 39. Bxb6 Rxb4 40. Bf2 Rb3
41. Kh2 Rb2 42. Kg1 Ba2 43. Be3 Kxe5 44. Bc1 Rc2 45. Bg5 e6 46. Rc1 Rxc1+ 47. Bxc1 c5 48. Bg5 Ke4 49. Kf2 c4 50. Ke1 c3
51. Kd1 Bb3+ 52. Ke1 e5 53. Ke2 Bc4+ 54. Kd1 Kd3 55. Bh4 e4
0-1

[Event "Bayern KO"]
[Site "SchemingMind.com"]
[Date "2017.11.03"]
[Round "-"]
[White "frankly"]
[Black "Robert Bruce"]
[Result "1-0"]
[WhiteCountry "ENG"]
[BlackCountry "SCO"]
[WhiteElo "2625"]
[WhiteRD "62"]
[BlackElo "2346"]
[BlackRD "71"]
[GameID "420240"]

1. e4 c6 2. d4 d5 3. Nc3 dxe4 4. Nxe4 Bf5 5. Ng3 Bg6 6. Nf3 Nd7 7. Bd3 e6 8. O-O Ngf6 9. Bf4 Be7 10. c4 Bxd3
11. Qxd3 O-O 12. Rfd1 Re8 13. h3 Qb6 14. a4 a5 15. Nf1 c5 16. d5 exd5 17. cxd5 Qb4 18. Bd2 Qxb2 19. Ne3 Ne5 20. Nxe5 Qxe5
21. Bc3 Qe4 22. d6 Qxd3 23. Rxd3 Bd8 24. d7 Re6 25. Nc4 h5 26. Rb1 b6 27. Bxf6 Rxf6 28. Re3 Re6 29. Rxe6 fxe6 30. Ne5 Kf8
31. Nc6 g5 32. Kf1 Kf7 33. Rd1 b5 34. axb5 a4 35. Ke2 a3 36. Kd3 a2 37. Kc4 Bf6 38. b6 a1=Q 39. Rxa1 Rxa1 40. b7 Rc1+
41. Kb5 Rb1+ 42. Kxc5 Be7+ 43. Kc4 e5 44. b8=Q Rxb8 45. Nxb8 Ke6 46. Nc6 Kxd7 47. Nxe7 Kxe7 48. Kd5
1-0

[Event "Bayern KO"]
[Site "SchemingMind.com"]
[Date "2017.11.09"]
[Round "-"]
[White "JasonY1982"]
[Black "Phillip Beckett"]
[Result "1-0"]
[WhiteCountry "USA"]
[BlackCountry "ENG"]
[WhiteElo "2007"]
[WhiteRD "142"]
[BlackElo "1564"]
[BlackRD "49"]
[GameID "420411"]

1. e4 e5 2. Nf3 Nc6 3. Bb5 a6 4. Ba4 Nf6 5. O-O Be7 6. Re1 b5 7. Bb3 O-O 8. c3 d5 9. exd5 Nxd5 10. Nxe5 Nxe5
11. Rxe5 c6 12. d4 Bd6 13. Re1 Qh4 14. g3 Qh3 15. Be3 Bg4 16. Qd3 Rae8 17. Nd2 f5 18. Qf1 Qh5 19. f4 Kh8 20. Bxd5 cxd5
21. a4 Re7 22. Bf2 Rfe8 23. Rxe7 Rxe7 24. axb5 Be2 25. Qg2 Bxb5 26. Qxd5 Qe2 27. Qxd6 Re8 28. Re1 Qxd2 29. Rxe8+ Bxe8 30. Qf8#
1-0

[Event "Bayern KO"]
[Site "SchemingMind.com"]
[Date "2017.11.08"]
[Round "-"]
[White "Phillip Beckett"]
[Black "JasonY1982"]
[Result "0-1"]
[WhiteCountry "ENG"]
[BlackCountry "USA"]
[WhiteElo "1583"]
[WhiteRD "53"]
[BlackElo "1998"]
[BlackRD "142"]
[GameID "420412"]

1. d4 Nf6 2. e3 d5 3. Bd3 e6 4. Nd2 Nbd7 5. f4 c5 6. c3 cxd4 7. exd4 Be7 8. Ngf3 a6 9. O-O b5 10. Ne5 Bb7
11. Ndf3 Rc8 12. Bd2 Ne4 13. Qe2 f6 14. Nxd7 Qxd7 15. Be1 O-O 16. Nd2 Qc6 17. f5 exf5 18. Rxf5 g6 19. Rf1 f5 20. Bg3 b4
21. Be5 bxc3 22. Nxe4 fxe4 23. Bc2 cxb2 24. Rab1 Qxc2 25. Rxb2 Qxe2 26. Rxe2 Rxf1+ 27. Kxf1 a5
0-1

[Event "Bayern KO"]
[Site "SchemingMind.com"]
[Date "2017.11.28"]
[Round "-"]
[White "spoke"]
[Black "Clive Everill"]
[Result "1/2-1/2"]
[WhiteCountry "GER"]
[BlackCountry "CZE"]
[WhiteElo "1751"]
[WhiteRD "72"]
[BlackElo "1746"]
[BlackRD "60"]
[GameID "421104"]

1. e4 d6 2. d4 Nf6 3. Nc3 e6 4. Bg5 h6 5. Bh4 Be7 6. Bd3 Nc6 7. Nf3 O-O 8. e5 Nh5 9. Bg3 d5 10. O-O f6
11. a3 a6 12. Bh4 f5 13. Bxe7 Qxe7 14. h3 Nf4 15. Re1 b5 16. Bf1 Bd7 17. Ne2 Ng6 18. c3 Na5 19. b4 Nc4 20. Nd2 Nb6
21. Nb3 Na4 22. Nc5 Nb6 23. Kh2 Nh4 24. Nf4=
1/2-1/2

[Event "Bayern KO"]
[Site "SchemingMind.com"]
[Date "2017.11.28"]
[Round "-"]
[White "Clive Everill"]
[Black "spoke"]
[Result "1/2-1/2"]
[WhiteCountry "CZE"]
[BlackCountry "GER"]
[WhiteElo "1746"]
[WhiteRD "60"]
[BlackElo "1751"]
[BlackRD "72"]
[GameID "421105"]

1. Nf3 d5 2. c4 e6 3. d4 Nf6 4. Nc3 c6 5. e3 Bb4 6. Bd3 dxc4 7. Bxc4 Nd5 8. Qc2 Nd7 9. O-O Nxc3 10. bxc3 Ba5
11. Ba3 Nb6 12. Bd3 Nd5 13. c4 Nb4 14. Bxb4 Bxb4 15. Bxh7 g6 16. Bxg6 fxg6 17. Qxg6+ Kf8 18. Ng5 Qe7 19. Ne4 Rg8 20. Qh6+ Qg7
21. Qf4+ Qf7 22. Qh6+ Rg7 23. Qh8+ Qg8 24. Qxg8+ Kxg8 25. c5 Ba5 26. Rab1 b6 27. Nf6+ Kf7 28. Ne4 Bd7 29. cxb6 axb6 30. Nd6+ Ke7
31. Nc4 b5 32. Ne5 Rag8 33. g3 Be8 34. Rbc1 Kd6 35. Rfd1 Bb6 36. Rc2 Ba7 37. Rdc1 c5 38. f4 c4 39. a3 Bb6 40. Rb2 Rc7
41. Nxc4+ Rxc4 42. Rxc4 bxc4 43. Rxb6+ Bc6 44. Kf2 Ra8 45. e4 Kc7 46. Rb4 Rxa3 47. Rxc4 Kd6 48. e5+ Kd5 49. Rb4 Ra2+ 50. Kg1 Ra1+
51. Kg2 Ke4 52. Kh3 Bd5 53. Kg4 Rh1 54. h4 Rh2 55. h5 Rh1 56. Kg5 Rg1 57. g4 Rf1 58. f5 exf5 59. gxf5 Rxf5+ 60. Kg6 Bf7+
61. Kg7 Bxh5 62. e6 Rd5 63. Rb1 Rxd4 64. e7 Kf5=
1/2-1/2

[Event "Bayern KO"]
[Site "SchemingMind.com"]
[Date "2017.12.01"]
[Round "-"]
[White "Andrea Carra"]
[Black "kibic"]
[Result "0-1"]
[WhiteCountry "ITA"]
[BlackCountry "INT"]
[WhiteElo "2080"]
[WhiteRD "105"]
[BlackElo "2594"]
[BlackRD "90"]
[GameID "421424"]

1. e4 e5 2. Nf3 Nc6 3. Bb5 a6 4. Ba4 Nf6 5. O-O Be7 6. Bxc6 dxc6 7. d3 Nd7 8. Nbd2 O-O 9. Nc4 f6 10. b3 Nc5
11. Bb2 Bg4 12. h3 Bh5 13. Ne3 Ne6 14. Nf5 Ng5 15. N5h4 f5 16. Bxe5 Nxh3+ 17. gxh3 Bxh4
0-1

[Event "Bayern KO"]
[Site "SchemingMind.com"]
[Date "2017.12.02"]
[Round "-"]
[White "kibic"]
[Black "Andrea Carra"]
[Result "1-0"]
[WhiteCountry "INT"]
[BlackCountry "ITA"]
[WhiteElo "2594"]
[WhiteRD "90"]
[BlackElo "2080"]
[BlackRD "105"]
[GameID "421425"]

1. e4 e6 2. d4 d5 3. Nc3 Nf6 4. e5 Nfd7 5. f4 c5 6. Nf3 Nc6 7. Be3 a6 8. a3 cxd4 9. Nxd4 Bc5 10. Qd2 O-O
11. O-O-O Nxd4 12. Bxd4 b5 13. h4 Qb6 14. g4 f6 15. exf6 Nxf6 16. Bh3 e5 17. fxe5 Ne4 18. Nxd5
1-0

[Event "Bayern KO"]
[Site "SchemingMind.com"]
[Date "2017.12.12"]
[Round "-"]
[White "nikita68"]
[Black "William Lindberg"]
[Result "0-1"]
[WhiteCountry "RUS"]
[BlackCountry "USA"]
[WhiteElo "2339"]
[WhiteRD "74"]
[BlackElo "2440"]
[BlackRD "69"]
[GameID "421814"]

1. d4 d5 2. c4 e6 3. Nf3 Nf6 4. Nc3 Bb4 5. cxd5 exd5 6. Bg5 h6 7. Bh4 O-O 8. e3 Bf5 9. Qb3 Bxc3+ 10. bxc3 Nbd7
11. Be2 c5 12. O-O c4 13. Qxb7 Qa5 14. Bg3 Qa3 15. Qb4 Qxb4 16. cxb4 Ne4 17. Ne5 Nxe5 18. Bxe5 f6 19. Bg3 Rf7 20. Bf3 Rd7
21. Bxe4 Bxe4 22. f3 Bd3 23. Rfe1 Kf7 24. a4 a6 25. Ra2 g5 26. Rb2 h5 27. Bf2 h4 28. g4 Rb7 29. Rc1 Re8 30. h3 Kg6
31. Kh2 Re6 32. Kg2 f5 33. gxf5+ Kxf5 34. a5 Kg6 35. Bg1 Rf6 36. Bh2 Rbf7 37. f4 Kh5 38. fxg5 Rf1 39. Rxf1 Bxf1+ 40. Kg1 Bxh3
41. Bf4 Bd7 42. Kh2 Bf5 43. Rg2 Kg6 44. Rg1 c3
0-1

[Event "Bayern KO"]
[Site "SchemingMind.com"]
[Date "2017.12.11"]
[Round "-"]
[White "William Lindberg"]
[Black "nikita68"]
[Result "1/2-1/2"]
[WhiteCountry "USA"]
[BlackCountry "RUS"]
[WhiteElo "2414"]
[WhiteRD "69"]
[BlackElo "2361"]
[BlackRD "72"]
[GameID "421815"]

1. e4 e5 2. Nf3 Nf6 3. Nxe5 d6 4. Nf3 Nxe4 5. d4 d5 6. Bd3 Bd6 7. O-O O-O 8. c4 c6 9. Re1 Bf5 10. Nc3 Nxc3
11. bxc3 Bxd3 12. Qxd3 dxc4 13. Qxc4 Nd7 14. Qb3 Qc7 15. c4 Rfe8 16. Bd2 b6 17. Rad1 Nf6 18. g3 Ne4 19. Bc1 Re6 20. Kg2 Rae8
21. d5 cxd5 22. cxd5 R6e7 23. Nd4 Nc3 24. Rxe7 Rxe7 25. Rf1 Ne2 26. Nc6 Nxc1 27. Rxc1 Re8 28. Rc2 Qd7 29. Rd2 g6 30. Nd4 Bc5
31. Nf3 a5 32. Qd3 h6 33. h3 Bb4 34. Rd1 Bc5 35. Qc2 Qd6=
1/2-1/2

[Event "Bayern KO"]
[Site "SchemingMind.com"]
[Date "2017.12.17"]
[Round "-"]
[White "sbb"]
[Black "Karsten Kjeldsen"]
[Result "1-0"]
[WhiteCountry "USA"]
[BlackCountry "DEN"]
[WhiteElo "2504"]
[WhiteRD "90"]
[BlackElo "2291"]
[BlackRD "132"]
[GameID "422036"]

1. d4 Nf6 2. c4 e6 3. g3 d5 4. Nf3 dxc4 5. Bg2 a6 6. O-O Nc6 7. e3 Bd7 8. Qe2 Bd6 9. Qxc4 O-O 10. Rd1 Rb8
11. Nbd2 Qe7 12. Ng5 Nd5 13. Nge4 Na5 14. Qc2 Nb4 15. Qb1 Bb5 16. Nf3 f5 17. Nc3 Be8 18. Re1 Qd7 19. a3 Nd5 20. Qc2 Nb6
21. b3 Bg6 22. Ne2 f4 23. e4 fxg3 24. hxg3 Bh5 25. Ng5 h6 26. Nh3 Nc6 27. Bb2 Bf3 28. Bxf3 Rxf3 29. Kg2 Rff8 30. f4 Qf7
31. Rh1 Rbd8 32. Raf1 Rfe8 33. Rf3 Qg6 34. Nf2 Rd7 35. b4 Rf7 36. Qd3 Rd8 37. Qb3 Re8 38. Bc3 Nd8 39. Bd2 c6 40. g4 Kf8
41. Ng3 Qh7 42. a4 Bc7 43. g5 Ke7 44. a5 Nc8 45. Nd3 Qg8 46. b5 axb5 47. Bb4+ Bd6 48. g6 Rff8 49. e5
1-0

[Event "Bayern KO"]
[Site "SchemingMind.com"]
[Date "2017.12.18"]
[Round "-"]
[White "Karsten Kjeldsen"]
[Black "sbb"]
[Result "1/2-1/2"]
[WhiteCountry "DEN"]
[BlackCountry "USA"]
[WhiteElo "2294"]
[WhiteRD "136"]
[BlackElo "2517"]
[BlackRD "91"]
[GameID "422037"]

1. e4 e6 2. d4 d5 3. Nc3 Bb4 4. e5 c5 5. a3 Bxc3+ 6. bxc3 Ne7 7. Qg4 O-O 8. Bd3 f5 9. exf6 Rxf6 10. Bg5 Rf7
11. Qh5 g6 12. Qd1 Qa5 13. Bd2 c4 14. Be2 Nd7 15. Nf3 Nc6 16. Ng5 Re7 17. f4 Nf6 18. Bf3 Qa4 19. O-O Bd7 20. Nh3 Rf8
21. Re1 Ree8 22. Nf2 h5 23. Qc1 Ne7 24. Nh3 Nf5 25. Ng5 Nh7=
1/2-1/2

[Event "Bayern KO"]
[Site "SchemingMind.com"]
[Date "2018.03.15"]
[Round "-"]
[White "Clive Everill"]
[Black "William Lindberg"]
[Result "0-1"]
[WhiteCountry "CZE"]
[BlackCountry "USA"]
[WhiteElo "1773"]
[WhiteRD "61"]
[BlackElo "2460"]
[BlackRD "67"]
[GameID "425906"]

1. d4 Nf6 2. c4 e6 3. Nc3 Bb4 4. f3 O-O 5. a3 Bxc3+ 6. bxc3 d6 7. e4 Nc6 8. Bd3 Na5 9. Ne2 Nd7 10. O-O b6
11. Bf4 e5 12. Bg3 Ba6 13. Qa4 Qe8 14. Rfd1 c5 15. d5 Nf6 16. Qxe8 Nxe8 17. f4 f6 18. f5 g6 19. fxg6 hxg6 20. Nc1 Bxc4
21. Bxc4 Nxc4 22. Ne2 f5 23. exf5 gxf5 24. Bh4 f4 25. h3 Nf6 26. a4 Ne4 27. Ra2 Ne3 28. Rc1 c4 29. Be7 Rf7 30. Bh4 Rg7
31. g4 fxg3 32. a5 Rf8 33. axb6 Rf2 34. Rca1 Rg2+
0-1

[Event "Bayern KO"]
[Site "SchemingMind.com"]
[Date "2018.03.15"]
[Round "-"]
[White "William Lindberg"]
[Black "Clive Everill"]
[Result "1-0"]
[WhiteCountry "USA"]
[BlackCountry "CZE"]
[WhiteElo "2460"]
[WhiteRD "67"]
[BlackElo "1773"]
[BlackRD "61"]
[GameID "425907"]

1. c4 e5 2. g3 Nf6 3. Bg2 h6 4. Nf3 e4 5. Nd4 Nc6 6. Nc2 d5 7. cxd5 Qxd5 8. Nc3 Qe6 9. O-O Bc5 10. d3 O-O
11. Nxe4 Nxe4 12. Bxe4 f5 13. Bg2 Nd4 14. e3 Nxc2 15. Qxc2 Bb6 16. a4 c6 17. a5 Bc7 18. a6 Bb6 19. Bd2 bxa6 20. Qxc6 Qxc6
21. Bxc6 Rb8 22. Bc3 Be6 23. d4 Rfd8 24. Rfc1 a5 25. Bxa5 Bxa5 26. Rxa5 Rxb2 27. Rxa7 Rdb8 28. Rc5 f4 29. gxf4 Bh3 30. Rc1 Rb1
31. Ra1 Rxc1+ 32. Rxc1 Rc8 33. Bd5+
1-0

[Event "Bayern KO"]
[Site "SchemingMind.com"]
[Date "2018.04.12"]
[Round "-"]
[White "smothered mate"]
[Black "kibic"]
[Result "0-1"]
[WhiteCountry "POL"]
[BlackCountry "INT"]
[WhiteElo "2114"]
[WhiteRD "83"]
[BlackElo "2579"]
[BlackRD "93"]
[GameID "426788"]

1. e4 e5 2. Nf3 Nc6 3. Bb5 a6 4. Ba4 Nf6 5. O-O Be7 6. c3 O-O 7. Bc2 d5 8. d3 Bg4 9. h3 Bh5 10. Re1 Qd7
11. Qe2 d4 12. cxd4 Nxd4 13. Qd1 Bxf3 14. gxf3 Qxh3 15. Nd2 Nh5
0-1

[Event "Bayern KO"]
[Site "SchemingMind.com"]
[Date "2018.04.12"]
[Round "-"]
[White "kibic"]
[Black "smothered mate"]
[Result "1-0"]
[WhiteCountry "INT"]
[BlackCountry "POL"]
[WhiteElo "2548"]
[WhiteRD "93"]
[BlackElo "2115"]
[BlackRD "88"]
[GameID "426789"]

1. e4 e6 2. d4 d5 3. Nc3 Nf6 4. e5 Nfd7 5. f4 c5 6. Nf3 Nc6 7. Be3 cxd4 8. Nxd4 Be7 9. Be2 O-O 10. O-O Ndb8
11. Nf3 f6 12. exf6 Bxf6 13. Bf2 Bd7 14. Qd2 Be8 15. Rae1 Bf7 16. Bc5 Re8 17. Ng5 Nd7 18. Nxf7 Kxf7 19. Bf2 b6 20. f5 Nc5
21. Bh5+ g6 22. Qh6
1-0

[Event "Bayern KO"]
[Site "SchemingMind.com"]
[Date "2018.05.08"]
[Round "-"]
[White "frankly"]
[Black "sbb"]
[Result "1-0"]
[WhiteCountry "ENG"]
[BlackCountry "USA"]
[WhiteElo "2620"]
[WhiteRD "70"]
[BlackElo "2504"]
[BlackRD "90"]
[GameID "427901"]

1. e4 e5 2. Nf3 Nf6 3. Nxe5 d6 4. Nf3 Nxe4 5. d4 d5 6. Bd3 Nc6 7. O-O Be7 8. c4 Nb4 9. Be2 O-O 10. Nc3 Nc6
11. Nxd5
1-0

[Event "Bayern KO"]
[Site "SchemingMind.com"]
[Date "2018.05.08"]
[Round "-"]
[White "sbb"]
[Black "frankly"]
[Result "1/2-1/2"]
[WhiteCountry "USA"]
[BlackCountry "ENG"]
[WhiteElo "2530"]
[WhiteRD "88"]
[BlackElo "2607"]
[BlackRD "70"]
[GameID "427902"]

1. Nf3 d5 2. d4 Nf6 3. c4 c6 4. Qc2 dxc4 5. Qxc4 Bf5 6. g3 g6 7. Bg2 Bg7 8. Nc3 Nbd7 9. Qb3 Qb6 10. O-O O-O
11. Re1 Qxb3 12. axb3 Nb6 13. e4 Be6 14. Ra3 Rfd8 15. Be3 Ng4 16. Bg5 Bxd4 17. Nxd4 Rxd4 18. Bxe7 Rd2 19. Re2 Rd3 20. h3 Ne5
21. g4 Nf3+ 22. Bxf3 Rxf3 23. Kg2 Rd3 24. f3=
1/2-1/2

[Event "Bayern KO"]
[Site "SchemingMind.com"]
[Date "2018.06.13"]
[Round "-"]
[White "frankly"]
[Black "JasonY1982"]
[Result "1-0"]
[WhiteCountry "ENG"]
[BlackCountry "USA"]
[WhiteElo "2583"]
[WhiteRD "67"]
[BlackElo "2003"]
[BlackRD "135"]
[GameID "429250"]

1. d4 Nf6 2. Nf3 d5 3. c4 e6 4. Nc3 c6 5. e3 Nbd7 6. Qc2 Bd6 7. Bd3 dxc4 8. Bxc4 O-O 9. O-O b5 10. Bd3 h6
11. Ne4 Nxe4 12. Qxc6
1-0

[Event "Bayern KO"]
[Site "SchemingMind.com"]
[Date "2018.06.13"]
[Round "-"]
[White "JasonY1982"]
[Black "frankly"]
[Result "0-1"]
[WhiteCountry "USA"]
[BlackCountry "ENG"]
[WhiteElo "2003"]
[WhiteRD "135"]
[BlackElo "2583"]
[BlackRD "67"]
[GameID "429251"]

1. e4 c5 2. Nf3 Nc6 3. d4 cxd4 4. Nxd4 Nf6 5. Nc3 e5 6. Ndb5 d6 7. Bg5 a6 8. Na3 b5 9. Nd5 Be7 10. Nxe7 Nxe7
11. Bxf6 gxf6 12. Qd2 Be6 13. O-O-O Qb6 14. Qxd6 Qxf2 15. Bd3 Qa7
0-1

[Event "Bayern KO"]
[Site "SchemingMind.com"]
[Date "2018.08.08"]
[Round "-"]
[White "William Lindberg"]
[Black "kibic"]
[Result "1/2-1/2"]
[WhiteCountry "USA"]
[BlackCountry "INT"]
[WhiteElo "2503"]
[WhiteRD "67"]
[BlackElo "2557"]
[BlackRD "90"]
[GameID "431054"]

1. c4 e5 2. g3 Nf6 3. Bg2 d5 4. cxd5 Nxd5 5. Nf3 Nc6 6. O-O Nb6 7. b3 Be7 8. Bb2 f6 9. d4 e4 10. Ne1 f5
11. f3 exf3 12. Nxf3 Nd5 13. Qd3 Be6 14. e3 O-O 15. a3 Qe8 16. Nbd2 Nb6 17. Rf2 Rd8 18. Raf1 h6 19. Re2 Qh5 20. Qc2 Bd5
21. Rff2 Bd6 22. Qd3 a6 23. e4 fxe4 24. Nxe4 Be7 25. Nfd2 Rxf2 26. Rxf2 Bf7 27. Qc2 a5 28. h4 Nxd4 29. Bxd4 Rxd4 30. Qxc7 Nd7
31. Qc8+ Bf8 32. Kh2 b5 33. Rf4 Qe2 34. b4 axb4 35. axb4 Qd3 36. Bh3 Ne5 37. Be6 Rd8 38. Bxf7+ Nxf7 39. Qf5 Qd5 40. Qg6 Be7
41. Nf3 Nh8 42. Qf5 Qa2+ 43. Kh3 Rf8 44. Qxb5 Qe6+ 45. Kh2 Rxf4 46. gxf4 Ng6 47. Qe8+ Nf8 48. Ne5 Bxb4 49. Qxe6+ Nxe6 50. Nd3 Be7
51. h5 Nd4 52. Ne5 Ne2 53. Ng6 Kf7 54. Kh3 Ke6 55. Nxe7 Kxe7 56. Kg4 Nd4 57. f5 Nc2 58. Kf3 Nb4 59. Kf4 Nd3+ 60. Kg3 Ne5
61. Nc5 Nc4 62. Kf4 Nd6 63. Ne4=
1/2-1/2

[Event "Bayern KO"]
[Site "SchemingMind.com"]
[Date "2018.08.08"]
[Round "-"]
[White "kibic"]
[Black "William Lindberg"]
[Result "1-0"]
[WhiteCountry "INT"]
[BlackCountry "USA"]
[WhiteElo "2557"]
[WhiteRD "90"]
[BlackElo "2503"]
[BlackRD "67"]
[GameID "431055"]

1. e4 e5 2. Nf3 Nc6 3. Bb5 a6 4. Ba4 Nf6 5. O-O Be7 6. Re1 b5 7. Bb3 O-O 8. c3 d6 9. h3 Re8 10. d4 Bb7
11. Nbd2 Bf8 12. a4 exd4 13. cxd4 h6 14. Bc2 Nb4 15. Bb1 c5 16. d5 g6 17. Nf1 Bg7 18. Ra3 Nd7 19. a5 Rc8 20. Re2 c4
21. Qe1 Nd3 22. Bxd3 cxd3 23. Rxd3 Nc5 24. Rde3 Na4 25. b4 Qc7 26. Ba3 Qc4 27. N1d2 Qa2 28. Nf1 Rc2 29. Rxc2 Qxc2 30. Qc1 Rc8
31. Qxc2 Rxc2 32. Re1 Bc3 33. Rb1 Bf6 34. Re1 Nc3 35. Ng3 h5 36. h4 Bc8 37. Bc1 Na2 38. Bf4 Bc3 39. Re2 Rxe2 40. Nxe2 Bxb4
41. Nfd4 Kf8 42. Nb3 Ke8 43. f3 f5 44. Kf2 fxe4 45. fxe4 Bg4 46. Bd2 Bxd2 47. Nxd2 Bxe2 48. Kxe2 Nc3+ 49. Ke3 Kf7 50. Kd3 Na4
51. Kd4 Kf6 52. Nb3 Nb2 53. Nd2 Na4 54. Nf3 b4 55. Kc4 b3 56. e5+ dxe5 57. Nd2 b2 58. Kb4 e4 59. Nxe4+ Ke5 60. Nd2 b1=R+
61. Nxb1 Nb2 62. Kc5 Nd3+ 63. Kb6 Kxd5 64. Kxa6 Kc5 65. Nc3 Kc6 66. Ka7 Ne5 67. Ne2 Nd3 68. Nd4+ Kc7 69. Ka6 Nf4 70. g3 Nd5
71. Kb5 Nc3+ 72. Kc4 Na4 73. Ne6+ Kc6 74. Kb4 Nb2 75. Nf4 Nd1 76. Nxg6 Ne3 77. Nf4 Nc2+ 78. Kc4 Na3+ 79. Kd4 Nb5+ 80. Ke5 Kb7
81. Nxh5 Ka6 82. g4 Na3 83. g5 Nc4+ 84. Ke6 Ne3 85. g6 Ng4 86. Kf5 Nh6+ 87. Kg5 Kb5 88. Kxh6
1-0

[Event "Bayern KO"]
[Site "SchemingMind.com"]
[Date "2018.12.21"]
[Round "-"]
[White "kibic"]
[Black "frankly"]
[Result "1/2-1/2"]
[WhiteCountry "INT"]
[BlackCountry "ENG"]
[WhiteElo "2542"]
[WhiteRD "80"]
[BlackElo "2550"]
[BlackRD "63"]
[GameID "436086"]

1. e4 e5 2. Nf3 Nc6 3. Bb5 a6 4. Ba4 Nf6 5. O-O Be7 6. Re1 b5 7. Bb3 d6 8. c3 O-O 9. h3 Re8 10. d4 Bb7
11. Nbd2 exd4 12. cxd4 Nd7 13. Nf1 Na5 14. Bc2 Bf6 15. Ng3 g6 16. Bh6 Nc4 17. b3 Na3 18. Bd3 c5 19. Bf4 Qb6 20. e5 Bg7
21. Ne4 c4 22. bxc4 bxc4 23. Nxd6 cxd3 24. Qxd3 Nb5 25. Nxe8 Rxe8 26. a4 Nc7 27. Rab1 Qa7 28. e6 fxe6 29. Bxc7 Bxf3 30. Qxf3 Qxc7
31. Rbc1 Qd8 32. Qc6 Nb8 33. Qc4 Qd6 34. d5 e5 35. a5 Bf8 36. Red1 Qb4 37. Kf1 Bd6=
1/2-1/2